000 00881nam a2200241 a 4500
001 000006622
005 20200929153948.0
008 920814s1991 pr b 000 0 spa
020 _a0865813981
040 _aDO-SdBNP
_bspa
_cTxU
_dBNPHU
082 _a928.7295
_bM538G
100 1 _aMendez Guiñones, Ramón,
_d1847-1889.
_918376
245 1 0 _aVida y obra de Ramón Mendez Quinones /
_cSocorro Girón.
250 _a3a. ed.
260 _aSan Juan,(Puerto Rico) :
_bInstituto de Cultura Puertorriquena, Division de Publicaciones y Grabaciones,
_c1991.
300 _a540 p. ;
_c24 cm.
504 _aIncluye referencias bibliográficas (p. [527]-537).
600 1 4 _aMENDEZ QUIÑONES, RAMÓN
_xBIOGRAFÍA
_918377
650 4 _aLiteratura puertorriqueña
_9250
650 4 _aTeatro puertorriqueño
_94514
700 1 _aGiron, Socorro.
_918378
910 _aCatalogación por copia / LC
999 _c6412
_d6412